Cuentopos de Gulubú / (Registro nro. 4067)
[ vista simple ]
| 000 -LEADER | |
|---|---|
| fixed length control field | 01490nam a2200289Ia 4500 |
| 003 - CONTROL NUMBER IDENTIFIER | |
| control field | OSt |
| 005 - DATE AND TIME OF LATEST TRANSACTION | |
| control field | 20230413163049.0 |
| 008 - FIXED-LENGTH DATA ELEMENTS--GENERAL INFORMATION | |
| fixed length control field | 191128s2014 ck a gr 000 j spa d |
| 020 ## - INTERNATIONAL STANDARD BOOK NUMBER | |
| International Standard Book Number | 9789587045208 |
| 040 ## - CATALOGING SOURCE | |
| Original cataloging agency | CO-JMCR |
| Transcribing agency | CO-JMCR |
| 041 ## - LANGUAGE CODE | |
| Language code of text/sound track or separate title | spa |
| 082 04 - DEWEY DECIMAL CLASSIFICATION NUMBER | |
| Classification number | C / |
| Item number | WALc |
| 100 1# - MAIN ENTRY--PERSONAL NAME | |
| Personal name | Walsh, María Elena, |
| Relator term | autora |
| 9 (RLIN) | 5259 |
| 245 10 - TITLE STATEMENT | |
| Title | Cuentopos de Gulubú / |
| Statement of responsibility, etc. | María Elena Walsh ; ilustraciones Sandra Lavandeira |
| 250 ## - EDITION STATEMENT | |
| Edition statement | Primera edición |
| 260 ## - PUBLICATION, DISTRIBUTION, ETC. | |
| Place of publication, distribution, etc. | Bogotá : |
| Name of publisher, distributor, etc. | Alfaguara, |
| Date of publication, distribution, etc. | 2014 |
| 300 ## - PHYSICAL DESCRIPTION | |
| Extent | 133 páginas : |
| Other physical details | ilustraciones en blanco y negro ; |
| Dimensions | 20 cm. |
| 490 ## - SERIES STATEMENT | |
| Series statement | Alfaguara infantil |
| 505 ## - FORMATTED CONTENTS NOTE | |
| Formatted contents note | Murrungato del zapato -- La plapla -- Historia de una princesa, su papá y el príncipe Kinoto Fukasuka -- El enanito y las siete blancanieves -- Capítulo 128 -- Y aquí se cuenta la maravillosa historia del Gatopato y la Princesa Monilda -- Pir piripiú |
| 520 3# - SUMMARY, ETC. | |
| Summary, etc. | En cuentopos de Gulubú vas a conocer historias muy divertidas con princesas, animales y objetos maravillosos, que suceden en el bsuqe, en castillo, en la escuela y en el fondo del mar. En Gulubú pasan cosas tan sorprendentes que cuando termimes de leer este libro lo vas a querer empezar de nuevo. |
| 521 ## - TARGET AUDIENCE NOTE | |
| Target audience note | Recomendado a partir de los 6 años. |
| 650 14 - SUBJECT ADDED ENTRY--TOPICAL TERM | |
| Topical term or geographic name entry element | Cuentos infantiles argentinos |
| 9 (RLIN) | 5260 |
| Chronological subdivision | Siglos XX-XXI |
| 650 24 - SUBJECT ADDED ENTRY--TOPICAL TERM | |
| Topical term or geographic name entry element | Princesas |
| Form subdivision | Cuentos infantiles |
| 9 (RLIN) | 42732 |
| 650 24 - SUBJECT ADDED ENTRY--TOPICAL TERM | |
| Topical term or geographic name entry element | Castillos |
| Form subdivision | Cuentos infantiles |
| 9 (RLIN) | 42733 |
| 700 1# - ADDED ENTRY--PERSONAL NAME | |
| Personal name | Lavandeira, Sandra, |
| Relator term | ilustradora |
| 9 (RLIN) | 5261 |
| 942 ## - ADDED ENTRY ELEMENTS (KOHA) | |
| Source of classification or shelving scheme | Dewey Decimal Classification |
| Koha item type | Books |
| Withdrawn status | Lost status | Source of classification or shelving scheme | Damaged status | Not for loan | Collection code | Home library | Current library | Date acquired | Source of acquisition | Cost, normal purchase price | Total Checkouts | Total Renewals | Full call number | Barcode | Date last seen | Date last checked out | Copy number | Koha item type |
|---|---|---|---|---|---|---|---|---|---|---|---|---|---|---|---|---|---|---|
| Dewey Decimal Classification | Fiction | Biblioteca Pública José María del Castillo y Rada | Biblioteca Pública José María del Castillo y Rada | 11/28/2019 | Donación | 0.00 | 8 | 2 | C / WALc | 201808865 | 02/11/2026 | 02/11/2026 | Ej.1 | Books |